000 01328nam a2200373 i 4500
005 20220317002058.0
007 ta
008 201209r20082019ck a|||br|||| 00| f spa d
020 _a9789584237743
020 _a9584237748
040 _aCO-BoRNBP
_bspa
_erda
_cCO-BoRNBP
041 0 _aspa
084 _aN POS9
100 1 _aPosada-Swafford, Ángela
_eautora
245 1 0 _a90° de latitud sur
_cAngela Posada-Swafford ; ilustraciones Pedro Villalba Ospina
246 3 3 _aNoventa grados de latitud Sur
250 _aTercera reimpresión
264 1 _aBogotá
_bEditorial Planeta Colombiana
_c2008
_c2019
300 _a255 páginas
_bilustraciones
_c19 cm
336 _2rdacontent
_atexto
_btxt
337 _2rdamedia
_asin mediación
_bn
338 _2rdacarrier
_avolumen
_bnc
490 0 _aPlaneta Lector
_pJuntos en la aventura
521 _aRecomendado para un público infantil mayor de 9 años
545 _aInclulye datos biográficos de la autora al inicio del texto
650 1 7 _2LEMB
_aNovela juvenil colombiana
650 1 7 _2LEMB
_aLiteratura juvenil colombiana
650 1 7 _2LEMB
_aAutores colombianos
650 1 7 _2LEMB
_aTemperatura
_vNovela
650 1 7 _2LEMB
_aPingüinos
_vNovela
650 1 7 _2LEMB
_aHistorias de aventuras
700 1 _aVillalba Ospina, Pedro
_eilustrador
_98292
942 _2loc
_cBKLIT
999 _c9116
_d9116